Visualizzazione normale
Vista MARC
- Tennstedt Klaus
di Personal Name
Records bibliografici associati: 1
001 - CONTROL NUMBER
- control field: 28100
003 - CONTROL NUMBER IDENTIFIER
- control field: IT-RoPau
005 - DATE AND TIME OF LATEST TRANSACTION
- control field: 20140530213814.0
008 - FIXED-LENGTH DATA ELEMENTS
- fixed length control field: 140530|| aca||aabn | a|a d
040 ## - CATALOGING SOURCE
- Original cataloging agency: IT-RoPau
- Transcribing agency: IT-RoPau
100 ## - HEADING--PERSONAL NAME
- Personal name: Tennstedt Klaus
- Miscellaneous information: Codice interprete SPICS: 35246
- Relator term: Interprete
670 ## - SOURCE DATA FOUND
- Source citation: Work cat.: (IT-RoPau)104032: Mahler Gustav 28097, Symphony n. 9 (1)